|
|
|
|
| LEADER |
00937nab#a2200313#ar4500 |
| 001 |
000049513 |
| 003 |
SVKKK |
| 005 |
20040917095159.0 |
| 008 |
040913c2004 xo e slo |
| FMT |
|
|
|
| 038 |
|
|
|a SVKKK
|
| 040 |
|
|
|a SVKKK
|b slo
|e AACR2
|
| 041 |
0 |
|
|a slo
|
| 044 |
|
|
|a xo
|c SK
|
| 080 |
|
|
|a 17.021.3
|2 1997
|
| 080 |
|
|
|a 323.15
|2 1997
|
| 080 |
|
|
|a 343.915
|2 1997
|
| 100 |
1 |
|
|a Brindzák, Eugen
|4 aut
|
| 245 |
1 |
0 |
|a Kultúra chudoby :
|b na okraj "boja s rómskou kriminalitou" a zriadenia inštitútu policajného špecialistu (ale aj o inom)
|c Eugen Brindzák
|
| 300 |
|
|
|b Fotogr.
|
| 650 |
0 |
4 |
|a komunita rómska
|x skupiny sociálne slabé
|x diskriminácia pozitívna
|x vzdelávanie
|x bývanie
|x kriminalita vysoká
|x komentáre
|
| 651 |
|
4 |
|a Slovensko
|
| 773 |
0 |
|
|t Romano nevo ľil
|g Roč. 14, č. 625-629 (2003/2004), s. 2
|
| 958 |
|
|
|a RQ
|
| 974 |
|
|
|a Fav
|
| 992 |
|
|
|a RBX
|
| BAS |
|
|
|
| 852 |
|
|
|a SVKKK
|b BIB
|
| 998 |
|
|
|a ROM
|